01392nam a2200277 a 4500001001000000005001700010008004100027041000800068044000700076084002000083100004500103245008700148260004600235300001700281500029500298500005800593500013300651500001000784546002300794650005200817650005600869650003400925650004500959700006001004740005001064BRCA_303920190320204100.0210109s1768----fr-a---###---#000-0#fre-u afre afr a347b.L54c17681 aCervantes Saavedra, Miguel ded1547-161610aHistoire de L´Admirable Don Quichotte de la ManchecMiguel de Cervantes Saavedra. aParísbLa compagnie des librairesc1768 a6 v.c18 cm. aContenido: v 1. Primera parte. Advertencia del traductor. Prólogo del autor. Texto. -- v 2. Texto. -- v 3. Segunda parte. Texto. -- v 4. Texto. -- v 5. Primera parte de la continuación del Quijote por el traductor. -- v 6. Segunda parte de la continuación del Quijote por el traductor aEdición: Nouvelle edition corrigée et augmentée aEjemplar similar al anterior. Piel; lomos decorados con dorados. El vol. V es de la edición de La Haya (1773) Lúdovik Osterc aQM270 aTexto en francés14aNovela españolayÉpoca clásica, 1500-170014aLiteratura españolayÉpoca clásica, 1500-170014aNovela españolaySiglo XVII14aDon Quijote (Personaje ficticio)eNovela1 aSaint-Martin, Francois Filleau ded1632-1695eTraductor0 aEl Ingenioso Hidalgo Don Quijote de la Mancha